Проблемы рационального использования ресурсов при разработке нефтяных месторождений и возможные альтернативы их решения; Творчество юных - шаг в успешное будущее

Podrobná bibliografie
Parent link:Творчество юных - шаг в успешное будущее.— 2015.— [С. 433-435]
Hlavní autor: Карапузов И. А.
Korporativní autor: Национальный исследовательский Томский политехнический университет (ТПУ) Институт социально-гуманитарных технологий (ИСГТ) Кафедра экономики (ЭКОН)
Další autoři: Егорова М. С. Мария Сергеевна (научный руководитель)
Shrnutí:Заглавие с титульного экрана
Jazyk:ruština
Vydáno: 2015
Edice:Экогеохимия органического топлива и экологические проблемы территорий
Témata:
On-line přístup:http://earchive.tpu.ru/handle/11683/15644
Médium: MixedMaterials Elektronický zdroj Kapitola
KOHA link:https://koha.lib.tpu.ru/cgi-bin/koha/opac-detail.pl?biblionumber=617387

MARC

LEADER 00000naa2a2200000 4500
001 617387
005 20231101132946.0
035 |a (RuTPU)RU\TPU\conf\15700 
035 |a RU\TPU\conf\15699 
090 |a 617387 
100 |a 20160302d2015 k y0rusy50 ca 
101 0 |a rus 
102 |a RU 
105 |a y z 101zy 
135 |a drcn ---uucaa 
181 0 |a i  
182 0 |a b 
200 1 |a Проблемы рационального использования ресурсов при разработке нефтяных месторождений и возможные альтернативы их решения  |f И. А. Карапузов  |g науч. рук. М. С. Егорова 
203 |a Текст  |c электронный 
225 1 |a Экогеохимия органического топлива и экологические проблемы территорий 
230 |a 1 компьютерный файл (pdf; 484 Кб) 
300 |a Заглавие с титульного экрана 
320 |a [Библиогр.: с. 435 (6 назв.)] 
463 0 |0 (RuTPU)RU\TPU\conf\15338  |t Творчество юных - шаг в успешное будущее  |o материалы VIII Всероссийской научной студенческой конференции с элементами научной школы имени профессора М. К. Коровина, г. Томск, 23-27 ноября 2015 г.  |f Национальный исследовательский Томский политехнический университет (ТПУ) ; под ред. А. Ю. Дмитриева  |v [С. 433-435]  |d 2015 
610 1 |a труды учёных ТПУ 
610 1 |a электронный ресурс 
610 1 |a нефтяные месторождения 
610 1 |a разработка 
610 1 |a окружающая среда 
610 1 |a полезные ископаемые 
610 1 |a попутный нефтяной газ 
700 1 |a Карапузов  |b И. А. 
702 1 |a Егорова  |b М. С.  |c экономист  |c ассистент кафедры Томского политехнического университета  |f 1982-  |g Мария Сергеевна  |2 stltpush  |4 727 
712 0 2 |a Национальный исследовательский Томский политехнический университет (ТПУ)  |b Институт социально-гуманитарных технологий (ИСГТ)  |b Кафедра экономики (ЭКОН)  |h 149  |2 stltpush  |3 (RuTPU)RU\TPU\col\18375 
801 2 |a RU  |b 63413507  |c 20180216  |g RCR 
856 4 |u http://earchive.tpu.ru/handle/11683/15644 
942 |c BK